000 01272cam a2200373 a 4500
001 2104
003 FISKH
005 20250318110134.0
008 110617s2012 nyu c 000 1 eng
010 _a 2011016616
020 _a9780062026200 (trade bdg.)
020 _a9780545566636
040 _aDLC
_cDLC
_dDLC
_beng
042 _alcac
_apcc
050 0 0 _aPZ7.G7487
_bRi 2012
082 0 0 _a514
_223
100 1 _aGrabenstein, Chris.
245 1 0 _aRiley Mack and the other known troublemakers /
_cChris Grabenstein.
260 _aNew York :
_bScholastic,
_c2012.
300 _a305 pages ;
_c20 cm
505 _aR
520 _aEleven-year-old Riley Mack and his friends, Briana, Mongo, Jake and Jamal outwit the school bully, solve the mystery of who stole the goldendoodle named Poodle, and get evidence to help the FBI catch bank robbers.
521 1 _a710
_bLexile
521 1 _aR
_bRaz-Plus
650 1 _aHeroes
_vFiction.
650 1 _aBullies and bullying
_vFiction.
650 1 _aSchools
_vFiction.
650 1 _aFriendship
_vFiction.
650 1 _aEmbezzlement
_vFiction.
650 1 _aRobbers and outlaws
_vFiction.
650 1 _aMystery and detective stories.
906 _a7
_bcbc
_corignew
_d1
_eecip
_f20
_gy-gencatlg
942 _2ddc
_cBK
_n0
999 _c2104
_d2104